Normal view
MARC view
- INSTITUTE, MANAGEMENT PROJECT
Entry Personal Name
001 - CONTROL NUMBER
- control field: 91428
003 - CONTROL NUMBER IDENTIFIER
- control field: NUST
005 - DATE AND TIME OF LATEST TRANSACTION
- control field: 20220509164150.0
008 - FIXED-LENGTH DATA ELEMENTS
- fixed length control field: 220509|| aca||aabn | a|a d
040 ## - CATALOGING SOURCE
- Original cataloging agency: NUST
- Transcribing agency: NUST
100 ## - HEADING--PERSONAL NAME
- Personal name: INSTITUTE, MANAGEMENT PROJECT
670 ## - SOURCE DATA FOUND
- Source citation: Work cat.: (NUST): INSTITUTE, MANAGEMENT PROJECT., A GUIDE TO PROJECT MANAGEMENT BODY OF KNOWLEDGE BY PROJECT MANAGEMENT INSTITUTE /, 2013.
